Normal view
MARC view
- Stanford, Herbert
Entry Personal Name
001 - CONTROL NUMBER
- control field: 118022
003 - CONTROL NUMBER IDENTIFIER
- control field: NUST
005 - DATE AND TIME OF LATEST TRANSACTION
- control field: 20230919113856.0
008 - FIXED-LENGTH DATA ELEMENTS
- fixed length control field: 230919|| aca||aabn | a|a d
040 ## - CATALOGING SOURCE
- Original cataloging agency: NUST
- Transcribing agency: NUST
100 ## - HEADING--PERSONAL NAME
- Personal name: Stanford, Herbert
670 ## - SOURCE DATA FOUND
- Source citation: Work cat.: (NUST)599623: Stanford, Herbert , Effective building maintenance: protection of capital assets /, 2019-09-27
